සිවිල්, දේශපාලන සහ කම්කරු අයතිවාසිකම් පිළිබඳ අන්තර් ජාතික සම්මුති ශ්රී ලංකාවේ ක්රියාවේ යෙදවීම පිළිබඳ විවේචනාත්මක ඇගයීමක් (Record no. 4536)
[ view plain ]
| 000 -LEADER | |
|---|---|
| fixed length control field | 01161nam a22002057a 4500 |
| 003 - CONTROL NUMBER IDENTIFIER | |
| control field | LK-CoMWRAF |
| 005 - DATE AND TIME OF LATEST TRANSACTION | |
| control field | 20231220111519.0 |
| 008 - FIXED-LENGTH DATA ELEMENTS--GENERAL INFORMATION | |
| fixed length control field | 231220b |||||||| |||| 00| 0 eng d |
| 020 ## - INTERNATIONAL STANDARD BOOK NUMBER | |
| International Standard Book Number | 9789556070576 |
| 040 ## - CATALOGING SOURCE | |
| Original cataloging agency | LK-CoMWRAF |
| Modifying agency | LK-CoMWRAF |
| Description conventions | LK-CoMWRAF |
| 041 ## - LANGUAGE CODE | |
| Language code of text/sound track or separate title | Sinhala; Sinhalese |
| 082 ## - DEWEY DECIMAL CLASSIFICATION NUMBER | |
| Classification number | 320 |
| Item number | EDI |
| 942 ## - ADDED ENTRY ELEMENTS (KOHA) | |
| Koha item type | Books |
| 100 ## - MAIN ENTRY--PERSONAL NAME | |
| Personal name | එදිරිසිංහ, රොහාන් |
| 110 ## - MAIN ENTRY--CORPORATE NAME | |
| Corporate name or jurisdiction name as entry element | වැලිකල, අසංග |
| 245 ## - TITLE STATEMENT | |
| Title | සිවිල්, දේශපාලන සහ කම්කරු අයතිවාසිකම් පිළිබඳ අන්තර් ජාතික සම්මුති ශ්රී ලංකාවේ ක්රියාවේ යෙදවීම පිළිබඳ විවේචනාත්මක ඇගයීමක් |
| 246 ## - VARYING FORM OF TITLE | |
| Title proper/short title | Civil, deshapalana saha kamkaru ayithiwasikam pilibanda antharjathika sammuthi Sri Lankawe yedaweema pilibanda wiwechanathmaka agayiimak |
| 260 ## - PUBLICATION, DISTRIBUTION, ETC. (IMPRINT) | |
| Place of publication, distribution, etc. | කොළඹ : |
| Name of publisher, distributor, etc. | විකල්ප ප්රතිපත්ති කේන්ද්රය |
| Date of publication, distribution, etc. | 2009 |
| 650 ## - SUBJECT ADDED ENTRY--TOPICAL TERM | |
| Topical term or geographic name as entry element | සිවිල්, දේශපාලන සහ කම්කරු අයතිවාසිකම් |
| Withdrawn status | Lost status | Damaged status | Not for loan | Permanent Location | Current Location | Date acquired | Full call number | Barcode | Koha item type |
|---|---|---|---|---|---|---|---|---|---|
| Resource center, Muslim Women's Research And Action Forum | Resource center, Muslim Women's Research And Action Forum | 2023-12-20 | 320 EDI | RAF1860 | Books |

